Nové biosenzory, analytické metódy a zariadenia pre vyšetrenie potenciálnych toxických látok a faktorov voči DNA a iným biomolekulám
Gespeichert in:
| 1. Verfasser: | |
|---|---|
| Weitere Verfasser: | |
| Format: | Manuskript Buch |
| Sprache: | Slowakisch Englisch |
| Veröffentlicht: |
2019
|
| Schlagworte: | |
| Online-Zugang: | http://is.stuba.sk/zp/portal_zp.pl?podrobnosti=127867 |
| Tags: |
Keine Tags, Fügen Sie das erste Tag hinzu!
|
MARC
| LEADER | 00000ntm a22000003a 4500 | ||
|---|---|---|---|
| 001 | stuzp54614 | ||
| 003 | SK-STU | ||
| 005 | 20190831210744.4 | ||
| 007 | ta | ||
| 008 | 150427s2015----xo-----f-mn---000-0-slo-d | ||
| 040 | |a STU |b slo | ||
| 041 | 0 | |a eng | |
| 100 | 1 | |a Svitková, Veronika |u 041000 |k Z3 |4 aut |U FCHPT Fakulta chemickej a potravinárskej technológie |T FCHPT Ústav analytickej chémie |X 43616 |U C1000 |Y 99 |7 A000043616 | |
| 242 | 0 | 1 | |a Nové biosenzory, analytické metódy a zariadenia pre vyšetrenie potenciálnych toxických látok a faktorov voči DNA a iným biomolekulám |y slo |
| 245 | 1 | 0 | |a Nové biosenzory, analytické metódy a zariadenia pre vyšetrenie potenciálnych toxických látok a faktorov voči DNA a iným biomolekulám |
| 260 | |c 2019 | ||
| 650 | 4 | |a biosenzory |2 slo | |
| 650 | 4 | |a biosenzing |2 slo | |
| 650 | 4 | |a toxicita |2 slo | |
| 650 | 4 | |a nanomateriály |2 slo | |
| 650 | 4 | |a liečivá |2 slo | |
| 650 | 4 | |a biosensors |2 eng | |
| 650 | 4 | |a biosensing |2 eng | |
| 650 | 4 | |a toxicity |2 eng | |
| 650 | 4 | |a nanoparticles |2 eng | |
| 650 | 4 | |a drugs |2 eng | |
| 700 | 1 | |a Labuda, Ján |u 041000 |k Z1 |4 ths |U FCHPT Fakulta chemickej a potravinárskej technológie |T FCHPT Ústav analytickej chémie |X 3297 |U C1000 |Y 99 |7 A000003297 | |
| 856 | 4 | |u http://is.stuba.sk/zp/portal_zp.pl?podrobnosti=127867 | |